01462nam a2200169   450000500170000000800410001702000180005804100120007608200130008810000200010124500180012126000180013930000070015736500190016452011010018365000080128420251118121720.0251118b        |||||||| |||| 00| 0 eng d  a9783836536974  aEnglish  a700bGRI  aGrimme Karin H.  aImpressionism  bTaschenc2207  a95  b1469.24cRS.00  a•	Pictures Created From Light And Colour
•	Frédéric Bazille – Still Life with Fish
•	Marie Bracquemond – Afternoon Tea
•	Gustave Caillebotte – The Floor Strippers
•	Mary Cassatt – Woman with a Pearl
•	Edgar Degas – Dancer at rest
•	Vincent Van Gogh – Portrait of Pere Tanguy
•	Armand Guillaumin – Sunset at Ivry
•	Wassily Kandinsky – The Ludwigskirche in Munich
•	Max Liebermann -  The Birch Avenue in the Wannsee Garden, looking West
•	Claude Monet – Le pont de I’Europe
•	Berthe Morisot - Psyche
•	Giuseppe De Nittis - Flirt
•	Camille Pissarro - Hoarfrost
•	Pierre-Auguste Renoir -Lise with Parasol
•	Medardo Rosso – Aeta Aurea
•	John Singer Sargent – In the Luxemnourg Gardens
•	Giovanni Battista Segantini – The Hay Harvest
•	Georges Seurat – The Bathers at Asnieres
•	Walter Richard Sickert – The Old Bedford
•	Paul Signac – Capo di Noli
•	Alfred Sisley – The Watering Place at Marly-le-Roi
•	Max Slevogt - Parade
•	Fritz Von Uhde – The Garden Path
•	Federico Zandomeneghi – Place d’Anvers, Paris
  aArt